Top song of Oasis - Statistics

General Stats
  • This quiz has been taken 118 times
  • The average score is 8 of 14
Answer Stats
Songs % Correct
Wonderwall
98%
Dont look back in anger
95%
Champagne Supernova
85%
Live forever
79%
Supersonic
67%
Stop Crying your heart out
64%
Stand by me
58%
Rock n Roll Star
46%
Roll with it
46%
Some might say
42%
Morning glory
41%
She's electric
41%
Married With Children
31%
Do you know what i mean?
7%
No matching quizzes found
Score Distribution
Percent of People with Each Score
Percentile by Number Answered
Your Score History
You have not taken this quiz